|
|
|
|
| LEADER |
03020nam a2200541 4500 |
| 001 |
978-3-030-00365-4 |
| 003 |
DE-He213 |
| 005 |
20191025151130.0 |
| 007 |
cr nn 008mamaa |
| 008 |
180830s2019 gw | s |||| 0|eng d |
| 020 |
|
|
|a 9783030003654
|9 978-3-030-00365-4
|
| 024 |
7 |
|
|a 10.1007/978-3-030-00365-4
|2 doi
|
| 040 |
|
|
|d GrThAP
|
| 050 |
|
4 |
|a TJ210.2-211.495
|
| 050 |
|
4 |
|a T59.5
|
| 072 |
|
7 |
|a TJFM1
|2 bicssc
|
| 072 |
|
7 |
|a TEC037000
|2 bisacsh
|
| 072 |
|
7 |
|a TJFM1
|2 thema
|
| 082 |
0 |
4 |
|a 629.892
|2 23
|
| 245 |
1 |
0 |
|a Mechanism Design for Robotics
|h [electronic resource] :
|b Proceedings of the 4th IFToMM Symposium on Mechanism Design for Robotics /
|c edited by Alessandro Gasparetto, Marco Ceccarelli.
|
| 250 |
|
|
|a 1st ed. 2019.
|
| 264 |
|
1 |
|a Cham :
|b Springer International Publishing :
|b Imprint: Springer,
|c 2019.
|
| 300 |
|
|
|a XIII, 453 p. 285 illus.
|b online resource.
|
| 336 |
|
|
|a text
|b txt
|2 rdacontent
|
| 337 |
|
|
|a computer
|b c
|2 rdamedia
|
| 338 |
|
|
|a online resource
|b cr
|2 rdacarrier
|
| 347 |
|
|
|a text file
|b PDF
|2 rda
|
| 490 |
1 |
|
|a Mechanisms and Machine Science,
|x 2211-0984 ;
|v 66
|
| 505 |
0 |
|
|a Provisional table of contents:Linkages and Manipulators -- Innovative Mechanisms/Robots and Their Applications -- Actuators and Control -- Mechanism Design -- Mechanics of Robots -- Parallel Manipulators.
|
| 520 |
|
|
|a This volume contains the Proceedings of the 4th IFToMM Symposium on Mechanism Design for Robotics, held in Udine, Italy, 11-13 September, 2018. It includes recent advances in the design of mechanisms and their robotic applications. It treats, among others, the following topics: mechanism design, mechanics of robots, parallel manipulators, actuators and their control, linkage and industrial manipulators, innovative mechanisms/robots and their applications. This book can be used by students, researchers and engineers in the relevant areas of mechanisms, machines and robotics. .
|
| 650 |
|
0 |
|a Robotics.
|
| 650 |
|
0 |
|a Automation.
|
| 650 |
|
0 |
|a Control engineering.
|
| 650 |
|
0 |
|a Machinery.
|
| 650 |
1 |
4 |
|a Robotics and Automation.
|0 http://scigraph.springernature.com/things/product-market-codes/T19020
|
| 650 |
2 |
4 |
|a Control and Systems Theory.
|0 http://scigraph.springernature.com/things/product-market-codes/T19010
|
| 650 |
2 |
4 |
|a Machinery and Machine Elements.
|0 http://scigraph.springernature.com/things/product-market-codes/T17039
|
| 700 |
1 |
|
|a Gasparetto, Alessandro.
|e editor.
|4 edt
|4 http://id.loc.gov/vocabulary/relators/edt
|
| 700 |
1 |
|
|a Ceccarelli, Marco.
|e editor.
|4 edt
|4 http://id.loc.gov/vocabulary/relators/edt
|
| 710 |
2 |
|
|a SpringerLink (Online service)
|
| 773 |
0 |
|
|t Springer eBooks
|
| 776 |
0 |
8 |
|i Printed edition:
|z 9783030003647
|
| 776 |
0 |
8 |
|i Printed edition:
|z 9783030003661
|
| 776 |
0 |
8 |
|i Printed edition:
|z 9783030131074
|
| 830 |
|
0 |
|a Mechanisms and Machine Science,
|x 2211-0984 ;
|v 66
|
| 856 |
4 |
0 |
|u https://doi.org/10.1007/978-3-030-00365-4
|z Full Text via HEAL-Link
|
| 912 |
|
|
|a ZDB-2-INR
|
| 950 |
|
|
|a Intelligent Technologies and Robotics (Springer-42732)
|